Regina v North Yorkshire County Council, "Ex parte" Brown and another (Record no. 58272)
[ view plain ]
| 000 -LEADER | |
|---|---|
| fixed length control field | 01723cab a2200253 4500 |
| 001 - CONTROL NUMBER | |
| control field | ABS60210 |
| 008 - FIXED-LENGTH DATA ELEMENTS--GENERAL INFORMATION | |
| fixed length control field | 090401t1999 xxu||||| |||| 00| 0 eng d |
| 035 ## - SYSTEM CONTROL NUMBER | |
| System control number | (Sirsi) u91841 |
| 041 ## - LANGUAGE CODE | |
| Language code of text/sound track or separate title | eng |
| 245 ## - TITLE STATEMENT | |
| Title | Regina v North Yorkshire County Council, "Ex parte" Brown and another |
| 260 ## - PUBLICATION, DISTRIBUTION, ETC. | |
| Date of publication, distribution, etc. | 1999 |
| 350 ## - PRICE (NR) (BK AM CF MU VM SE) [OBSOLETE] | |
| Price | 0 |
| 490 ## - SERIES STATEMENT | |
| Series statement | Weekly Law Reports |
| Volume/sequential designation | [1999] 08 W.L.R. 452-459(4) |
| 520 ## - SUMMARY, ETC. | |
| Summary, etc. | HL 11 February 1999. In 1992, owners of a quarry operating under planning permission granted under the Town & Country Planning Act 1947 s.77, applied to the local mining planning authority to register the permission, under s.22 of the Planning & Compensation Act 1991. The permission was registered, and conditions were determined. Local residents applied for review of the decision, as no environmental impact assessment had been carried out under Council Directive 85/337/EEC, which requires an assessment before consent was given on projects liable to have effects on the environment. The application was dismissed, due to the permission having been granted in 1947. The Court of Appeal reversed the decision. "Held". The appeal was dismissed as Directive 85/337/EEC does not apply to decisions where the principal decision has been made. The authority would be required to apply the necessary criteria under article 4.2 of the Directive to decide whether to carry out an assessment on the quarr |
| 650 ## - SUBJECT ADDED ENTRY--TOPICAL TERM | |
| Topical term or geographic name entry element | COUNCIL DIRECTIVES |
| 650 ## - SUBJECT ADDED ENTRY--TOPICAL TERM | |
| Topical term or geographic name entry element | ENVIRONMENTAL ASSESSMENT |
| 650 ## - SUBJECT ADDED ENTRY--TOPICAL TERM | |
| Topical term or geographic name entry element | JUDICIAL REVIEW |
| 650 ## - SUBJECT ADDED ENTRY--TOPICAL TERM | |
| Topical term or geographic name entry element | OLD MINING PERMISSIONS |
| 650 ## - SUBJECT ADDED ENTRY--TOPICAL TERM | |
| Topical term or geographic name entry element | PLANNING AND COMPENSATION ACT 1991 |
| 650 ## - SUBJECT ADDED ENTRY--TOPICAL TERM | |
| Topical term or geographic name entry element | TOWN AND COUNTRY PLANNING ACT 1947 |
| 690 ## - LOCAL SUBJECT ADDED ENTRY--TOPICAL TERM (OCLC, RLIN) | |
| Topical term or geographic name as entry element | MINING AND MINERALS-CASE LAW |
| 942 ## - ADDED ENTRY ELEMENTS (KOHA) | |
| Suppress in OPAC | 0 |
| 948 ## - LOCAL PROCESSING INFORMATION (OCLC); SERIES PART DESIGNATOR (RLIN) | |
| c (OCLC) | 08/03/1999 |
| Withdrawn status | Lost status | Source of classification or shelving scheme | Damaged status | Not for loan | Home library | Current library | Shelving location | Date acquired | Total Checkouts | Full call number | Barcode | Date last seen | Copy number | Price effective from | Koha item type |
|---|---|---|---|---|---|---|---|---|---|---|---|---|---|---|---|
| Dewey Decimal Classification | London | London | Journal article | 14/09/1999 | ABS60210 | 91841-1001 | 06/08/2019 | 1 | 06/08/2019 | Law report |